Duálne vzdelávanie v manažmente hotelierstva a pohostinstva

Systém vysokoškolského vzdelávania v Badensku-Württembersku. Duálne vzdelávanie v manažmente hotelierstva a pohostinstva. Moduly a predmety v špecializácii manažment hotelierstva a pohostinstva. Právna úprava. Hodnotenie študijnej koncepcie manažmentu hotelierstva a pohostinstva. Hodnotenie z pohľad...

Ausführliche Beschreibung

Gespeichert in:
Bibliographische Detailangaben
1. Verfasser: Fuchs, Wolfgang
Weitere Verfasser: Balch, Natalie Audrey
Format: Buchkapitel
Sprache:Slowakisch
Schlagworte:
Tags: Tag hinzufügen
Keine Tags, Fügen Sie das erste Tag hinzu!

MARC

LEADER 00000naa a2200000 4500
001 0190596
005 20231016074734.0
041 0 |a slo 
044 |a SK 
245 1 0 |a Duálne vzdelávanie v manažmente hotelierstva a pohostinstva  |c Wolfgang Fuchs, Natalie Audrey Balch 
520 |a Systém vysokoškolského vzdelávania v Badensku-Württembersku. Duálne vzdelávanie v manažmente hotelierstva a pohostinstva. Moduly a predmety v špecializácii manažment hotelierstva a pohostinstva. Právna úprava. Hodnotenie študijnej koncepcie manažmentu hotelierstva a pohostinstva. Hodnotenie z pohľadu študenta. Hodnotenie z pohľadu vysokej školy (Duale Hochschule Baden-Württemberg) a štátu. 
610 2 0 |a vzdelávanie vysokoškolské 
610 2 0 |a školy vysoké 
610 2 0 |a firmy 
610 2 0 |a kooperácia 
610 2 0 |a teória a prax 
610 2 0 |a hotelierstvo 
610 2 0 |a pohostinstvo 
610 2 0 |a manažment 
610 2 0 |a Nemecko 
100 1 |a Fuchs, Wolfgang 
700 1 |a Balch, Natalie Audrey